Oscar Isaac - All Movies - Statistics

General Stats
  • This quiz has been taken 9 times
  • The average score is 6 of 46
Answer Stats
Year Movie % Correct
2025 Frankenstein
88%
2019 Star Wars: Episode IX - The Rise of Skywalker
75%
2017 Star Wars: Episode VIII - The Last Jedi
75%
2015 Star Wars: Episode VII - The Force Awakens
75%
2016 X-Men: Apocalypse
50%
2011 Drive
38%
2013 Inside Llewyn Davis
38%
2021 Dune: Part One
25%
2014 Ex Machina
25%
2014 A Most Violent Year
13%
2008 Che: Part One
13%
1996 Illtown
13%
2025 In the Hand of Dante
13%
2023 Spider-Man: Across the Spider-Verse
13%
2018 Spider-Man: Into the Spider-Verse
13%
2011 Sucker Punch
13%
2019 The Addams Family
13%
2021 The Addams Family 2
13%
2021 The Card Counter
13%
2011 10 Years
0%
2009 Agora
0%
2018 Annihilation
0%
2018 At Eternity's Gate
0%
2009 Balibo
0%
2022 Big Gold Brick
0%
2008 Body of Lies
0%
2012 For Greater Glory: The True Story of Cristiada
0%
2013 In Secret
0%
2021 Legend of Destruction
0%
2005 Lenny the Wonder Dog
0%
2018 Life Itself
0%
2015 Mojave
0%
2018 Operation Finale
0%
2006 Pu-239
0%
2012 Revenge for Jolly
0%
2010 Robin Hood
0%
2017 Suburbicon
0%
2012 The Bourne Legacy
0%
2025 The King of Kings
0%
2007 The Life Before Her Eyes
0%
2006 The Nativity Story
0%
2016 The Promise
0%
2014 The Two Faces of January
0%
2019 Triple Frontier
0%
2011 W.E.
0%
2012 Won't Back Down
0%
No matching quizzes found
Score Distribution
Percent of People with Each Score
Percentile by Number Answered
Your Score History
You have not taken this quiz